Psycho (Registro nro. 49526)

Detalles MARC
000 -ENCABEZADO
Número de control [NR] 02940nam a2200373Ia 4500
005 - FECHA Y HORA DE LA ÚLTIMA TRANSACCIÓN
control field 20140805150010.0
008 - DE LONGITUD FIJA DE DATOS DE ELEMENTOS - INFORMACIÓN GENERAL
Elementos de longitud fija [NR] 130821s1960 xxu g q mlmul d
040 ## - FUENTE DE CATALOGACION [NR]
Agencia de catalogación original [NR] CO-BoUCM
Idioma de catalogación [NR] spa
Quien Cataloga
Quien Clasifica [Nuevo]
041 ## - CODIGO DE IDIOMA [R]
Código de idioma para texto/pista de sonido o título separado [R] Inglés
041 ## - CODIGO DE IDIOMA [R]
Código de idioma para texto/pista de sonido o título separado [R] Español
092 ## - SIGNATURA TOPOGRAFICA LOCAL
Número de clasificación local DVD 0078
245 00 - MENCION DE TITULO [NR]
Título [NR] Psycho
Mención de responsabilidad, etc. [NR] Alfred Hitchcock, director
Medio físico [NR] [DVD]
246 13 - FORMA VARIANTE DEL TITULO [R]
Título propiamente dicho/forma breve del título [NR] Psicosis
260 ## - PUBLICACION, DISTRIBUCION, ETC. (PIE DE IMPRENTA) [R]
Lugar de publicación, distribución, etc. [R] Los Ángeles (California, Estados Unidos)
Nombre del editor, distribuidor, etc. [R] Shamley Productions
Fecha de publicación, distribución, etc. [R] 1960
300 ## - DESCRIPCION FISICA [R]
Extensión [R] 1 DVD, 109 minutos
Otros detalles físicos [NR] imagen, sonido, blanco y negro
490 ## - MENCION DE SERIE [R]
Mención de serie [R] The Alfred Hitchcock Collection
500 ## - NOTA GENERAL [R]
Nota general [NR] SINOPSIS : Marion Crane, una oficinista de Phoenix, está harta de la forma en que la vida la ha tratado. Ella solamente puede ver a su amante Sam a la hora de la cena y no se pueden casar porque él tiene que entregar la mayoría de su dinero a su ex mujer para la pensión alimenticia. Un día viernes el jefe de Marion le confía 40.000 dólares para que deposite en el banco, ella ve la oportunidad de su vida y sale de la ciudad hacia la tienda que Sam tiene en California para comenzar una nueva vida. En medio de una tormenta y cansada después de un largo viaje en auto, Marion se sale de la autopista para una pausa en el Bates Motel. El lugar es administrado por un hombre joven y sigiloso llamado Norman, quien parece estar dominado por su madre. Mientras toma una ducha, la joven es asesinada a cuchilladas por la madre de Norman, que intenta mantener puro y casto a su hijo. El joven debe hacer desaparecer el cuerpo. Pero la hermana de la joven y un policía siguen la pista de la desaparecida, y llegan al motel
508 ## - NOTA DE CREDITOS DE CREACION/PRODUCCION [R]
Nota de créditos de creación/producción [NR] CRÉDITOS: Dirigida y producida por Alfred Hitchcock ; guion por Joseph Stefano ; música por Bernard Herrmann ; fotografía por John L. Russell ; dirección de arte por Robert Clatworthy y Joseph Hurley ; ambientación por George Milo ; vestuario por Rita Riggs ; maquillaje por Jack Barron
511 0# - NOTA DE PARTICIPANTE O INTERPRETE [R]
Nota de participante o intérprete [NR] REPARTO: Anthony Perkins, Vera Miles, John Gavin, Janet Leigh, Martin Balsam, John McIntire, Simon Oakland, Frank Albertson, Patricia Hitchcock, Vaughn Taylor
520 ## - NOTA DE RESUMEN, ETC. [R]
Nota de sumario, etc. [NR] Basada en la novela de Robert Bloch
546 ## - NOTA DE IDIOMA [R]
Nota de idioma [NR] Audio en inglés, español y francés. Subtítulos en español
586 ## - NOTA DE PREMIOS [R]
Nota de premios [NR] Ganador de un premio Golden Globes, 1961 (mejor actriz de reparto)
650 04 - ASIENTO SECUNDARIO DE MATERIA - TERMINO TEMATICO [R]
Término temático o nombre geográfico como elemento de entrada [NR] Entretenimiento
9 (RLIN) 26487
650 04 - ASIENTO SECUNDARIO DE MATERIA - TERMINO TEMATICO [R]
Término temático o nombre geográfico como elemento de entrada [NR] Películas cinematográficas
Subdivisión geográfica [R] Estados Unidos
Subdivisión de forma [R] DVD
9 (RLIN) 51326
650 04 - ASIENTO SECUNDARIO DE MATERIA - TERMINO TEMATICO [R]
Término temático o nombre geográfico como elemento de entrada [NR] Películas de misterio
Subdivisión de forma [R] DVD
9 (RLIN) 21238
650 04 - ASIENTO SECUNDARIO DE MATERIA - TERMINO TEMATICO [R]
Término temático o nombre geográfico como elemento de entrada [NR] Psicología
9 (RLIN) 26549
650 04 - ASIENTO SECUNDARIO DE MATERIA - TERMINO TEMATICO [R]
Término temático o nombre geográfico como elemento de entrada [NR] Psicosis
Subdivisión de forma [R] DVD
9 (RLIN) 22870
650 04 - ASIENTO SECUNDARIO DE MATERIA - TERMINO TEMATICO [R]
Término temático o nombre geográfico como elemento de entrada [NR] Trastornos de la personalidad
Subdivisión de forma [R] DVD
9 (RLIN) 25760
700 1# - ASIENTO SECUNDARIO - NOMBRE PERSONAL [R]
Nombre personal [NR] Hitchcock, Alfred
Fechas asociadas con el nombre [NR] 1899-1980
Término de relación [R] director
9 (RLIN) 63592
710 2# - ASIENTO SECUNDARIO - NOMBRE CORPORATIVO [R]
Nombre corporativo o de jurisdicción como elemento de entrada [NR] Shamley Productions
9 (RLIN) 63593
765 0# - ASIENTO DE IDIOMA ORIGINAL [R]
Título [NR] Psycho
856 40 - LOCALIZACION Y ACCESO ELECTRONICOS [R]
Identificador Uniforme del Recurso (“URI”) [R] <a href="http://www.youtube.com/watch?v=HjI1Of2lfhs">http://www.youtube.com/watch?v=HjI1Of2lfhs</a>
Nota dirigida al público [R] Siga este enlace para ver el trailer
-- Trailer tomado del canal MOVIECLIPS Classic Trailers vía YouTube.com
942 ## - ELEMENTOS DE ENTRADA AGREGADOS (KOHA)
Koha item type Multimedia
Source of classification or shelving scheme LOCAL
Tema principal Entretenimiento
Edition 1
Classification part DVD 0078
Existencias
Suprimido Perdido Sistema de clasificación Dañado No prestable Tipo de ítem específico Ubicación habitual Ubicación actual Localización Fecha de creación Forma de adquisición Costo Total préstamos Signatura topográfica Código de barras Última vez visto Fecha de último préstamo Ejemplar Price effective from Tipo de ítem Total Renewals
    LOCAL     DVD Claustro Claustro Colección digital 28/02/2006   26000.00 200 DVD 0078 100078780 10/12/2024 17/11/2017 Ej.2 03/02/2013 Multimedia 8
    LOCAL   Préstamo restringido DVD Procesos Técnicos (no para préstamo) Procesos Técnicos (no para préstamo) Procesos Técnicos 28/02/2006 Compra 89000.00 5 DVD 0078 100078779 04/12/2025 07/05/2012 Ej.1 03/02/2013 Multimedia